| 000 | 00808cam a2200277 4500500 | ||
|---|---|---|---|
| 005 | 20260405002913.0 | ||
| 041 | _afre | ||
| 042 | _adc | ||
| 100 | 1 | 0 |
_aLacroix, Alexandre _eauthor |
| 245 | 0 | 0 | _aMarkus Gabriel : “Nous pouvons lire dans les pensées, c’est même très facile” |
| 260 | _c2019. | ||
| 500 | _a76 | ||
| 690 | _aFictions | ||
| 690 | _aLicorne | ||
| 690 | _aMarkus Gabriel | ||
| 690 | _aMensonge | ||
| 690 | _aMétaphysique | ||
| 690 | _aNouveau réalisme | ||
| 690 | _aŒuvres | ||
| 690 | _aPlaton | ||
| 690 | _aRéalité | ||
| 690 | _aRéel | ||
| 690 | _aVérité | ||
| 786 | 0 | _nPhilosophie magazine | 129 | 5 | 2019-05-01 | p. 31-33 | 1951-1787 | |
| 856 | 4 | 1 | _uhttps://shs.cairn.info/magazine-philosophie-magazine-2019-5-page-31?lang=fr&redirect-ssocas=7080 |
| 999 |
_c2062327 _d2062327 |
||